Hyperelasticity Primer /

Enregistré dans:
Détails bibliographiques
Auteur principal: Hackett Robert M.
Format: Livre
Langue:anglais
Publié: New York Springer 2015
Édition:1. vyd.
Tags: Ajouter un tag
Pas de tags, Soyez le premier à ajouter un tag!

MARC

LEADER 00000nam a22000003a 4500
001 0010034
003 SK-STU
005 20151209113103.3
007 ta
008 151209s ----xo-----e------000-0-----d
020 |a 978-3-319-23272-0 
040 |a STU  |b slo 
041 0 |a eng 
100 1 |a Hackett Robert M. 
245 1 0 |a Hyperelasticity Primer /  |c Hackett Robert M 
250 |a 1. vyd. 
260 |a New York  |b Springer  |c 2015 
300 |a 170 s. 
996 |b 284J044508  |c J* 117790  |l JJSK  |s A  |a 24  |w 0010034_0001